[Event "Unterfranken-ch HB 63th"]
[Site "Schweinfurt"]
[Date "2012.04.11"]
[Round "4"]
[White "Simon, Jonathan"]
[Black "Englert, Fred"]
[Result "1/2-1/2"]
[WhiteElo "1701"]
[BlackElo "1709"]
[PlyCount "79"]
[EventDate "2012.04.09"]
[EventType "swiss"]
[EventRounds "9"]
[EventCountry "GER"]
[SourceTitle "EXT 2015"]
[Source "ChessBase"]
[SourceDate "2014.11.20"]
[SourceVersion "1"]
[SourceVersionDate "2014.11.20"]
[SourceQuality "1"]

1. Nf3 Nf6 2. d4 d5 3. c4 c6 4. cxd5 cxd5 5. Nc3 g6 6. e3 Bg7 7. Bd3 0-0 8. 0-0 a6 9. Bd2 b5 10. b4 Nc6 11. a3 Bb7 12. Be1 Re8 13. Rc1 Rc8 14. Be2 Qd6 15. Nd2 e5 16. dxe5 Nxe5 17. Nb3 Ned7 18. Nd4 Nb6 19. a4 bxa4 20. Ra1 Ne4 21. Nxa4 Nxa4 22. Rxa4 Nc3 23. Bxc3 Rxc3 24. b5 Bxd4 25. bxa6 Be5 26. axb7 Bxh2+ 27. Kh1 Be5 28. Ra8 Qe7 29. Qa4 Rb8 30. f4 Qxb7 31. Ra7 Qb6 32. fxe5 Qxe3 33. Rf3 Rc1+ 34. Kh2 Qxe5+ 35. Qf4 Re8 36. Qxe5 Rxe5 37. Bd3 f5 38. Ra5 Rd1 39. Kg3 Kg7 40. Kf4 1/2-1/2